000 00635nam a2200265Ia 4500
005 20260121161345.0
008 008 260114s9999 xx 000 0 eng d
020 _a9781846198137
037 _aEBOOK
040 _aCRL
040 _beng
040 _cCRL
041 _2eng
041 _aeng
084 _qCRL
100 _aCaring for Muslim Patients
_91043465
245 2 _aA R Gatrad; Aziz Sheikh
260 _bTaylor and Francis
260 _c2008
650 _aMedicine
_91043466
856 _uhttp://www.taylorfrancis.com/books/9781846198137
942 _cEBOOK
999 _c1610136
_d1610136